Normal view
MARC view
Entry Topical Term
001 - CONTROL NUMBER
- control field: 10261
003 - CONTROL NUMBER IDENTIFIER
- control field: BD-RjUL
005 - DATE AND TIME OF LATEST TRANSACTION
- control field: 20231129190818.0
008 - FIXED-LENGTH DATA ELEMENTS
- fixed length control field: 231129|| aca||aabn | a|a d
040 ## - CATALOGING SOURCE
- Original cataloging agency: BD-RjUL
- Transcribing agency: BD-RjUL
150 ## - HEADING--TOPICAL TERM
- Topical term or geographic name entry element: Brain-computer interface research
- General subdivision: Computer programming
670 ## - SOURCE DATA FOUND
- Source citation: Work cat.: (BD-RjUL)82379: Ferdous, Mst. Jannatul 10260, Real time implementation of multichannel EEG cleaning from muscular artifacts in brain computer interfacing (BCI) paradigm /, 208